| 000 | 00537nam a22001817a 4500 | ||
|---|---|---|---|
| 005 | 20240307133315.0 | ||
| 008 | 240307b |||||||| |||| 00| 0 eng d | ||
| 020 | _a9780072195408 | ||
| 082 |
_a005.758 _bCOU-O |
||
| 100 | _aCouchman,Jason | ||
| 245 |
_aOCP oracle9i database : _bfundamentals I exam guide / _cSoudheer Marisbetti |
||
| 260 |
_aindia: _bMcGraw-Hil; _c2002. |
||
| 300 |
_axx, 524 p. : _bill, _c24 cm. |
||
| 500 | _ainclude index. | ||
| 650 | _acomputer science/programming | ||
| 700 | _aSoudheer Marisbetti | ||
| 999 |
_c35267 _d35267 |
||